Duke Alma Maters - Sudden Death - Statistics

General Stats
  • This quiz has been taken 15 times
  • The average score is 9 of 18
Answers on the Grid
Answers color-coded by a green-red scale on the quiz's grid according to % correct below.
Jon Scheyer
Brian Zoubek
Gordon Hayward
Baron Davis
Eric Bledsoe
Grayson Allen
J.J Redick
Luke Kennard
Gabe Vincent
Cassius Winston
Marvin Bagley III
Seth Curry
Keith Van Horn
Vince Carter
Mario Chalmers
Danny Ferry
Zion Williamson
Tyus Jones
Tre Jones
DeAndre Jordan
Brandon Roy
DeMarcus Cousins
Kyle Filipowski
Bobby Hurley
Kelly Olynyk
Josh Giddey
Chris Duhon
Mason Plumlee
Tyler Hansbrough
Quinn Cook
Josh McRoberts
Jahlil Okafor
 
Answer Stats
Answer % Correct
J.J Redick
82%
Zion Williamson
82%
Grayson Allen
73%
Marvin Bagley III
73%
Jon Scheyer
64%
Kyle Filipowski
64%
Seth Curry
64%
Luke Kennard
55%
Tre Jones
45%
Tyus Jones
45%
Mason Plumlee
36%
Bobby Hurley
27%
Danny Ferry
27%
Jahlil Okafor
27%
Josh McRoberts
27%
Quinn Cook
27%
Brian Zoubek
18%
Chris Duhon
18%
No matching quizzes found
Score Distribution
Percent of People with Each Score
Percentile by Number Answered
Your Score History
You have not taken this quiz